| 000 | 00503cam a2200205 4500 | ||
|---|---|---|---|
| 008 | 000000n2001 000 0 eng u | ||
| 020 | _a0421716703 | ||
| 035 | _a(Sirsi) u112375 | ||
| 050 | _a368.0026 | ||
| 100 | _aBirds, John | ||
| 245 | _aBirds' modern insurance law. | ||
| 250 | _a5th ed. | ||
| 260 |
_aLondon _bSweet & Maxwell _c2001 |
||
| 300 | _axlii,413p. ; 22cm. | ||
| 350 | _a25.00 | ||
| 650 | _aINSURANCE LAW | ||
| 690 |
_aInsurance _96249 |
||
| 700 | _aHird, Norma | ||
| 942 | _n0 | ||
| 999 |
_c101420 _d101420 |
||